LEADER 01267nam0-22003731i-450- 001 990007990730403321 005 20120208103501.0 010 $a0-306-44905-6 035 $a000799073 035 $aFED01000799073 035 $a(Aleph)000799073FED01 035 $a000799073 100 $a20050125d1995----km-y0itay50------ba 101 0 $aeng 102 $aUS 105 $aa---a---001yy 200 1 $aDensity functional theory$fedited by Eberhard K.U. Gross and Reiner M. Dreizler 210 $aNew York and London$cPlenum Press$dc1995 215 $axiv, 676 p.$cill.$d25 cm 225 1 $aNATO ASI series$hSeries B$iPhysics$v337 300 $aNel verso del front.: Proceedings of a NATO Advanced Study Institute on Density functional theory, held August 16-27, 1993, in Il Ciocco, Italy 610 0 $aEccitazione 610 0 $aSolidi 702 1$aGross,$bEberhard K. U. 702 1$aDreizler,$bReiner M. 712 12$aNATO advanced study Institute on density functional theory$f<1993 ;$eIl Ciocco> 801 0$aIT$bUNINA$gRICA$2UNIMARC 901 $aBK 912 $a990007990730403321 952 $a32C-073$bD.S.F. 8371$fFI1 952 $a32C-073.001$bD.S.F. 9581$fFI1 959 $aFI1 996 $aDensity functional theory$9751930 997 $aUNINA LEADER 01254cam0-22002891i-450 001 990000499540403321 005 20211022155854.0 035 $a000049954 035 $aFED01000049954 035 $a(Aleph)000049954FED01 035 $a000049954 100 $a20020821d1872----km-y0itay50------ba 101 0 $aita 102 $aIT 105 $aa-------001yy 200 1 $aSulla teoria matematica della propagazione della elettricitą nei solidi omogenei$edissertazione presentata da Galileo Ferraris ... pel concorso ad un posto di dottore aggregato alla Facoltą di scienze fisiche, matematiche e naturali nella regia Universitą di Torino il 22 febbraio 1872 210 $aTorino$cStamperie Reale$d1872 215 $aX, 79 p.$cill.$d24 cm 700 1$aFerraris,$bGalileo$f<1847-1897>$02870 801 0$aIT$bUNINA$gRICA$2UNIMARC 856 4 $zVisualizza la versione elettronica in SBNWeb$uhttps://books.google.it/books?id=2JsDmt4xuU8C&printsec=frontcover&hl=it&source=gbs_ge_summary_r&cad=0#v=onepage&q&f=false$e20211022 901 $aBK 912 $a990000499540403321 952 $a10 C I 136$bOMAGGIO$fDINEL 959 $aDINEL 996 $aSulla teoria matematica della propagazione della elettricitą nei solidi omogenei$9330180 997 $aUNINA